Giáo trình luật dân sự Việt Nam
Giáo trình giúp bạn đọc hiểu khái quát những nội dung cơ bản của pháp luật dân sự phục vujcho nghiên cứu, giảng dạy, học tập của các sinh viên, học viên. giảng viên thuộc chuyên ngành Luật, kinh tế và bạn đọc quan tâm tìm hiêu kiến thức về p...
Uloženo v:
| Hlavní autor: | |
|---|---|
| Médium: | Kniha |
| Jazyk: | Undetermined |
| Vydáno: |
Hà Nội
Giáo dục
2011
|
| Témata: | |
| Tagy: |
Přidat tag
Žádné tagy, Buďte první, kdo otaguje tento záznam!
|
| Thư viện lưu trữ: | Trung tâm Học liệu Trường Đại học Cần Thơ |
|---|
| LEADER | 01030nam a2200217Ia 4500 | ||
|---|---|---|---|
| 001 | CTU_179999 | ||
| 008 | 210402s9999 xx 000 0 und d | ||
| 020 | |c 42000 | ||
| 082 | |a 346.597 | ||
| 082 | |b Ngh300/T.1 | ||
| 100 | |a Lê, Đình Nghị | ||
| 245 | 0 | |a Giáo trình luật dân sự Việt Nam | |
| 245 | 0 | |c Lê Đình Nghị (Chủ biên) | |
| 260 | |a Hà Nội | ||
| 260 | |b Giáo dục | ||
| 260 | |c 2011 | ||
| 520 | |a Giáo trình giúp bạn đọc hiểu khái quát những nội dung cơ bản của pháp luật dân sự phục vujcho nghiên cứu, giảng dạy, học tập của các sinh viên, học viên. giảng viên thuộc chuyên ngành Luật, kinh tế và bạn đọc quan tâm tìm hiêu kiến thức về pháp luật dân sự. | ||
| 650 | |a Luật dân sự,Civil law | ||
| 650 | |z Việt Nam,Vietnam | ||
| 910 | |a Phan Trường Nhất,Hải | ||
| 980 | |a Trung tâm Học liệu Trường Đại học Cần Thơ | ||